Demografía II
Guardado en:
| Autor Corporativo: | |
|---|---|
| Formato: | Texto |
| Publicado: |
San José:
CELADE
|
| Etiquetas: |
Agregar Etiqueta
Sin Etiquetas, Sea el primero en etiquetar este registro!
|
MARC
| LEADER | 00000 a a2200000 04500 | ||
|---|---|---|---|
| 001 | 29935 | ||
| 003 | |||
| 040 | |||
| 090 | |a 194200 |b RECURSO ELECTROMAGNETICO | ||
| 110 | |a CELADE. Programa Latinoamericano de Actividades en Población | ||
| 245 | |a Demografía II | ||
| 260 | |a San José: |b CELADE | ||
| 500 | |a Contiene los ejercicios del libro no. 137200 | ||
| 999 | |c 6099 |d 6099 | ||
